| 000 | 00574nam a2200241 a 4500 | ||
|---|---|---|---|
| 001 | nice12345678 | ||
| 003 | IN_TiNIC | ||
| 005 | 20260116011507.0 | ||
| 008 | 050524s1963 a grp 000 0 urd | ||
| 020 |
_a _c0.8 |
||
| 082 | 0 | 0 |
_a297.23 _bIMA |
| 100 | _aImamuddim, Abu Mohd | ||
| 245 | _aAqeeda-E-Aakhirat Ke Aqli Dalaail | ||
| 260 |
_a _b _c1963 |
||
| 300 | _a92p | ||
| 500 | _aincludes index and biblioraphy | ||
| 505 | 2 | _aEpilogue, Notes | |
| 650 | _aEschatology-Islamic | ||
| 700 | 1 | _aImamuddim, Abu Mohd | |
| 902 | _bSRS | ||
| 942 | _cBK | ||
| 999 |
_c2023 _d2023 |
||